<?xml version="1.0" encoding="UTF-8"?>
<collection xmlns="http://www.loc.gov/MARC21/slim">
 <record>
  <leader>02853nab a2200241 i 4500</leader>
  <controlfield tag="001">acta7443</controlfield>
  <controlfield tag="005">20231113151717.0</controlfield>
  <controlfield tag="008">161015s2010    hu      o     0||   hun d</controlfield>
  <datafield tag="022" ind1=" " ind2=" ">
   <subfield code="a">0324-6523</subfield>
  </datafield>
  <datafield tag="040" ind1=" " ind2=" ">
   <subfield code="a">SZTE Egyetemi Kiadványok Repozitórium</subfield>
   <subfield code="b">hun</subfield>
  </datafield>
  <datafield tag="041" ind1=" " ind2=" ">
   <subfield code="a">hun</subfield>
  </datafield>
  <datafield tag="041" ind1=" " ind2=" ">
   <subfield code="a">eng</subfield>
  </datafield>
  <datafield tag="100" ind1="1" ind2=" ">
   <subfield code="a">Fábián György</subfield>
  </datafield>
  <datafield tag="245" ind1="1" ind2="0">
   <subfield code="a">Európai parlamenti választások </subfield>
   <subfield code="h">[elektronikus dokumentum] :</subfield>
   <subfield code="b">2009 /</subfield>
   <subfield code="c"> Fábián György</subfield>
  </datafield>
  <datafield tag="260" ind1=" " ind2=" ">
   <subfield code="a">Szegedi Tudományegyetem Állam- és Jogtudományi Karának tudományos bizottsága</subfield>
   <subfield code="b">Szeged</subfield>
   <subfield code="c">2010</subfield>
  </datafield>
  <datafield tag="300" ind1=" " ind2=" ">
   <subfield code="a">241-256</subfield>
  </datafield>
  <datafield tag="490" ind1="0" ind2=" ">
   <subfield code="a">Acta Universitatis Szegediensis : acta juridica et politica</subfield>
   <subfield code="v">73 No. 1-64</subfield>
  </datafield>
  <datafield tag="520" ind1="3" ind2=" ">
   <subfield code="a">The June 2009 European elections were the seventh of their kind. These elections were characterised by some specific features. A „revolution in numbers&quot;occured: 375 million voters in 27 states could elect their 736 representatives against 785 members of parliament in the previous 2004-2009 cycle. (The turnout was 43%, 161 600 000 european citizen voted). Besides there was an uncertain situation because of the doubtful forthcoming Irish referendum on Lisbon Treaty. Finally it was essential: how the financial and economic crisis effects the voters' electoral behavior, how they evaluate crisis management of the incumbent governments. Whether this particular political context has changed the so called secondary character of the European elections by increasing the european dimension of the politics and elections. Contrary to preliminary expectations the opportunity and necessity of the more sucsesfull crisis management on european level did not increase the european dimension of the elections. The decline of the electoral turnout has continued, it was the lowest in the history of the European elections. The 2009 European elections have not disproved  the former findings inconnection with the second order character of the European elections. However the temporal position of the elections in the national electoral cycle has played much smaller role than in the previous elections. Concerning the electoral success or decline of the government and main parties the picture is also much controversial, less clear-cut. The country-specific features of the political context and the crisis management have strongly influenced the electoral behaviour in each country. That is why the second order character has less strongly appeared than in the previous European elections. Concerning the election results the two types of the elections (the first order national and the second order european) are coming near to each other.</subfield>
  </datafield>
  <datafield tag="650" ind1=" " ind2="4">
   <subfield code="a">Társadalomtudományok</subfield>
  </datafield>
  <datafield tag="650" ind1=" " ind2="4">
   <subfield code="a">Politikatudomány</subfield>
  </datafield>
  <datafield tag="650" ind1=" " ind2="4">
   <subfield code="a">Egyéb társadalomtudományok</subfield>
  </datafield>
  <datafield tag="695" ind1=" " ind2=" ">
   <subfield code="a">Európa Parlament - választások - 2009</subfield>
  </datafield>
  <datafield tag="856" ind1="4" ind2="0">
   <subfield code="u">http://acta.bibl.u-szeged.hu/7443/1/juridpol_073_241-256.pdf</subfield>
   <subfield code="z">Dokumentum-elérés </subfield>
  </datafield>
 </record>
</collection>
